Statistiques concernant Rapidité d'écriture

Cliquez ici pour prendre le quiz!

Statistiques générales

  • Ce quiz a été pris 2 956 fois
  • Le résultat moyen est 19 sur 29

Statistiques - réponses

Réponse% Correct
JeJe
100%
suissuis
98%
enen
97%
courscours
96%
maismais
95%
jeje
94%
préfèrepréfère
93%
àà
92%
jouerjouer
92%
JetPunkJetPunk
91%
carcar
90%
c'estc'est
88%
bienbien
87%
plusplus
85%
divertissant.divertissant.
75%
MesMes
71%
étudesétudes
66%
vontvont
60%
échoueréchouer
52%
maismais
46%
auau
43%
moins,moins,
37%
jeje
34%
connaisconnais
29%
toustous
25%
lesles
23%
payspays
19%
dudu
18%
monde.monde.
15%

Distribution des résultats

Percentile par nombre de réponses

% des personnes avec chaque résultat

Votre développement - résultats

Vous n’avez pas pris ce quiz